000 00377nam a2200157 a 4500
001 9720
005 20180713193737.0
008 140415s1970 sp 000 0 spa d
041 _aspa
082 _a530.07
_bFIS
245 0 0 _aFISICA
250 _a1a ed.
260 _aESPAÑA :
_bREVERTE,
_c1970
300 _a2
650 1 4 _aFISICA
_xESTUDIO Y ENSEANZA, ETC.
999 _c9720
_d9720